Innovation For Value And Mission An Introduction To Innovation Management And Policy Innovation For Value And Mission (Record no. 40852)

MARC details
000 -LEADER
fixed length control field 00410nam a2200133Ia 4500
008 - FIXED-LENGTH DATA ELEMENTS--GENERAL INFORMATION
fixed length control field 240703s9999 xx 000 0 und d
041 ## - LANGUAGE CODE
Language code of text/sound track or separate title eng
100 ## - MAIN ENTRY--PERSONAL NAME
Personal name Van Biljon, Peet
245 ## - TITLE STATEMENT
Title Innovation For Value And Mission An Introduction To Innovation Management And Policy Innovation For Value And Mission
260 ## - PUBLICATION, DISTRIBUTION, ETC.
Name of publisher, distributor, etc. De Gruyter
Date of publication, distribution, etc. 2022
365 ## - TRADE PRICE
Currency code
Price amount 3,313.26
906 ## - LOCAL DATA ELEMENT F, LDF (RLIN)
b 33
Holdings
Withdrawn status Lost status Damaged status Not for loan Home library Current library Shelving location Date acquired Source of acquisition Cost, normal purchase price Total Checkouts Barcode Date last seen Date last checked out Copy number Price effective from Koha item type
        IMTN IMTN Rack 34-B 07/03/2024 Tamish Upmanyu (202212048) 34.95 1 33261 02/20/2025 10/08/2024 94.8 07/03/2024 Books
Designed & Maintained by: LRC IMT Nagpur Contact: lrc@imtnag.ac.in© 2024. All Rights Reserved.